<?xml version="1.0" encoding="UTF-8"?>
<marc:record xmlns:marc="http://www.loc.gov/MARC21/slim">
   <marc:leader>00000nam a2200000 a 4500</marc:leader>
   <marc:datafield ind1="1" ind2=" " tag="100">
      <marc:subfield code="a">Haft, Jan [Regie]</marc:subfield>
      <marc:subfield code="4">aut</marc:subfield>
      <marc:subfield code="e">Verfasser/-in</marc:subfield>
   </marc:datafield>
   <marc:datafield ind1="1" ind2=" " tag="100">
      <marc:subfield code="a">Milberg, Axel</marc:subfield>
   </marc:datafield>
   <marc:datafield ind1=" " ind2=" " tag="653">
      <marc:subfield code="a">Wasser</marc:subfield>
   </marc:datafield>
   <marc:datafield ind1=" " ind2=" " tag="653">
      <marc:subfield code="a">Biotop</marc:subfield>
   </marc:datafield>
   <marc:datafield ind1=" " ind2=" " tag="653">
      <marc:subfield code="a">Naturfilm</marc:subfield>
   </marc:datafield>
   <marc:datafield ind1=" " ind2=" " tag="653">
      <marc:subfield code="a">Erde</marc:subfield>
   </marc:datafield>
   <marc:datafield ind1="0" ind2="0" tag="245">
      <marc:subfield code="a">Magie der Moore [Bildtonträger]</marc:subfield>
   </marc:datafield>
   <marc:datafield ind1="0" ind2="0" tag="245">
      <marc:subfield code="c">Ein Film von Jan Haft. Mit Axel Milberg.</marc:subfield>
   </marc:datafield>
   <marc:datafield ind1=" " ind2="1" tag="264">
      <marc:subfield code="b">WVG Medien</marc:subfield>
      <marc:subfield code="c">2018</marc:subfield>
   </marc:datafield>
   <marc:datafield ind1="1" ind2=" " tag="520">
      <marc:subfield code="a">Angabe aus Verlagsmeldung. Wie kaum ein anderer Lebensraum birgt das Moor unzählige Geschichten: Seine Anziehungskraft und dunklen Mythen lassen uns erschauern, die Pracht seiner Artenvielfalt staunen. In MAGIE DER MOORE lenkt der renommierte Naturfilmer Jan Haft ("Das grüne Wunder - Unser Wald") den Blick auf eines unserer wichtigsten und schönsten Biotope. Im Wechsel der Tages- und Jahreszeiten zeigt der Film einen Ort am Übergang zwischen Wasser und Erde, voller spannender Gegensätze. Ein filigranes Kunstwerk, das von der Natur in Jahrtausenden geschaffen wurde und das wir erst allmählich beginnen zu erforschen, zu verstehen - und zu bewahren.</marc:subfield>
   </marc:datafield>
   <marc:datafield ind1=" " ind2=" " tag="020">
      <marc:subfield code="a">KNVTitelnr.:</marc:subfield>
      <marc:subfield code="9">KNVTitelnr.:</marc:subfield>
   </marc:datafield>
   <marc:datafield ind1=" " ind2=" " tag="041">
      <marc:subfield code="a">ger</marc:subfield>
   </marc:datafield>
   <marc:datafield ind1="0" ind2=" " tag="490">
      <marc:subfield code="v">0</marc:subfield>
   </marc:datafield>
   <marc:datafield ind1=" " ind2=" " tag="300">
      <marc:subfield code="a">92' : 1 DVD</marc:subfield>
   </marc:datafield>
</marc:record>
